00648nam a2200193 i 4500003000900000005001700009007000300026008004100029040003000070041000800100082001900108110004300127245006400170264010300234300002800337336002700365337003400392338002800426DO-SdBNP20250722101230.0ta250423b2007 dr ||||| |||| 00| 0 spa d aDO-SdBNPbspacBNPHUerda aspa 4axxxbR426L2221 aRepública Dominicana.b[Leyes, etc.]10aLey no. 392-07 de competitividad e innovación industrial. 1aSanto Domingo :bCentro de Desarrollo y Competitividad Industrial, bEl Congreso Nacional,c2007?. a75 páginas ;c22 cm.  atextobtxt2rdacontent asin mediación bn2rdamedia avolumenbnc2rdacarrier